[Event "Lloyds Bank Masters 15th"]
[Site "London"]
[Date "1991.08.21"]
[Round "5"]
[White "Anastasian, Ashot"]
[Black "Rogers, Ian"]
[Result "1/2-1/2"]
[WhiteElo "2485"]
[BlackElo "2565"]
[PlyCount "104"]
[EventDate "1991.08.17"]
[EventType "swiss"]
[EventRounds "10"]
[EventCountry "ENG"]
[SourceTitle "BritBase"]
[Source "John Saunders"]
[SourceDate "2023.06.27"]
[SourceVersion "1"]
[SourceVersionDate "2023.06.27"]
[SourceQuality "1"]

1. d4 d5 2. Nf3 Nf6 3. c4 dxc4 4. Nc3 c6 5. a4 Bf5 6. e3 e6 7. Bxc4 Bb4 8. O-O
O-O 9. h3 c5 10. Na2 Ba5 11. dxc5 Qxd1 12. Rxd1 Bc2 13. Rf1 Nc6 14. Nd4 Bxa4
15. b4 Nxd4 16. exd4 Bc7 17. Nc3 Bc2 18. b5 a6 19. b6 Bxb6 20. cxb6 Rfc8 21.
Bxa6 Rxc3 22. Bd2 Rb3 23. Bxb7 Rxa1 24. Rxa1 h6 25. Ba5 Nd7 26. d5 Be4 27. Bc8
Nxb6 28. d6 Kf8 29. d7 Ke7 30. Rd1 Bd5 31. Rc1 g5 32. Kh2 h5 33. f3 f5 34. Bd2
f4 35. Ba5 Rb5 36. Rc5 Rb3 37. Kg1 Rb1+ 38. Kh2 Rb3 39. Rc7 Rb5 40. Ra7 g4 41.
hxg4 hxg4 42. Bc3 Nxd7 43. Rxd7+ Ke8 44. Bf6 gxf3 45. Re7+ Kf8 46. gxf3 Bxf3
47. Kg1 Bd5 48. Ba6 Rb1+ 49. Kf2 Rb2+ 50. Ke1 Rb1+ 51. Kd2 f3 52. Bd3 Rb7
1/2-1/2

[Event "Lloyds Bank Masters 15th"]
[Site "London"]
[Date "1991.08.21"]
[Round "5"]
[White "Baker, Chris W"]
[Black "Szekely, Peter"]
[Result "0-1"]
[WhiteElo "2270"]
[BlackElo "2450"]
[PlyCount "58"]
[EventDate "1991.08.17"]
[EventType "swiss"]
[EventRounds "10"]
[EventCountry "ENG"]
[SourceTitle "BritBase"]
[Source "John Saunders"]
[SourceDate "2023.06.27"]
[SourceVersion "1"]
[SourceVersionDate "2023.06.27"]
[SourceQuality "1"]

1. d4 Nf6 2. Bg5 c6 3. c3 Ne4 4. Bf4 d5 5. Nf3 Bf5 6. e3 Nd7 7. Bd3 e6 8. Qc2
Be7 9. h3 c5 10. Ne5 Nxe5 11. Bxe5 f6 12. Bf4 c4 13. Qa4+ Kf7 14. Be2 Qb6 15.
b3 cxb3 16. axb3 Rhc8 17. g4 Bg6 18. c4 dxc4 19. bxc4 Qb2 20. c5 b6 21. f3 Nxc5
22. dxc5 Bxb1 23. Qd4 Qc1+ 24. Bd1 Rd8 25. Bd6 bxc5 26. Qxc5 Qb2 27. Qa3 Qg2
28. Rh2 Qg1+ 29. Ke2 Bxd6 0-1

[Event "Lloyds Bank Masters 15th"]
[Site "London"]
[Date "1991.08.21"]
[Round "5"]
[White "Blauert, Joerg"]
[Black "Hebden, Mark L"]
[Result "0-1"]
[WhiteElo "2405"]
[BlackElo "2485"]
[PlyCount "108"]
[EventDate "1991.08.17"]
[EventType "swiss"]
[EventRounds "10"]
[EventCountry "ENG"]
[SourceTitle "BritBase"]
[Source "John Saunders"]
[SourceDate "2023.06.27"]
[SourceVersion "1"]
[SourceVersionDate "2023.06.27"]
[SourceQuality "1"]

1. e4 e5 2. Nf3 Nc6 3. Bc4 Nf6 4. d4 exd4 5. O-O Bc5 6. c3 Nxe4 7. cxd4 d5 8.
dxc5 dxc4 9. Qxd8+ Kxd8 10. Rd1+ Bd7 11. Ng5 Nxg5 12. Bxg5+ Kc8 13. Na3 Be6 14.
Nb5 a6 15. Nd4 Nxd4 16. Rxd4 a5 17. Rad1 f6 18. Bd2 Ra6 19. Bc3 Rc6 20. Re1 Rd8
21. a3 Rxd4 22. Bxd4 Kd7 23. f4 Ra6 24. Kf2 h5 25. Re3 Ra8 26. Ke1 h4 27. Kd2
Rh8 28. Bc3 Rh5 29. Bd4 Bd5 30. g4 hxg3 31. hxg3 Be6 32. Kc3 Rh2 33. Re1 Rg2
34. Rg1 Re2 35. g4 Rh2 36. f5 Rh3+ 37. Kc2 Bd5 38. g5 Be4+ 39. Kc1 Kc6 40. gxf6
gxf6 41. Rg7 Rh6 42. Bc3 Bxf5 43. Bxa5 Rh1+ 44. Kd2 Rh2+ 45. Ke3 Rxb2 46. Rxc7+
Kd5 47. Bb4 Rb3+ 48. Kf4 Be6 49. Rxb7 c3 50. Rb6 Rxb4+ 51. axb4 c2 52. Rd6+ Kc4
53. Rxe6 c1=Q+ 54. Kf5 Qg5+ 0-1

[Event "Lloyds Bank Masters 15th"]
[Site "London"]
[Date "1991.08.21"]
[Round "5"]
[White "Coleman, David J"]
[Black "Canfell, Gregory"]
[Result "0-1"]
[WhiteElo "2265"]
[BlackElo "2355"]
[PlyCount "56"]
[EventDate "1991.08.17"]
[EventType "swiss"]
[EventRounds "10"]
[EventCountry "ENG"]
[SourceTitle "BritBase"]
[Source "John Saunders"]
[SourceDate "2023.06.27"]
[SourceVersion "1"]
[SourceVersionDate "2023.06.27"]
[SourceQuality "1"]

1. e4 c5 2. Nf3 e6 3. d4 cxd4 4. Nxd4 Nf6 5. Nc3 d6 6. Bc4 Be7 7. Bb3 O-O 8.
Be3 Na6 9. f4 Nc5 10. O-O Ncxe4 11. Nxe4 Nxe4 12. c4 Nf6 13. Qf3 g6 14. Rad1 a6
15. Rd2 Qc7 16. g4 e5 17. fxe5 dxe5 18. c5 exd4 19. Bxd4 Bxg4 20. Qe3 Rad8 21.
Rdf2 Rxd4 22. Qxd4 Qxc5 23. Qf4 Qh5 24. Kh1 Bd7 25. h4 Bc6+ 26. Kg1 Bc5 27.
Qxf6 Qg4+ 28. Kh2 Bd6+ 0-1

[Event "Lloyds Bank Masters 15th"]
[Site "London"]
[Date "1991.08.21"]
[Round "5"]
[White "Davies, Nigel Rodney"]
[Black "Stisis, Yaacov"]
[Result "1/2-1/2"]
[WhiteElo "2455"]
[BlackElo "2280"]
[PlyCount "38"]
[EventDate "1991.08.17"]
[EventType "swiss"]
[EventRounds "10"]
[EventCountry "ENG"]
[SourceTitle "BritBase"]
[Source "John Saunders"]
[SourceDate "2023.06.27"]
[SourceVersion "1"]
[SourceVersionDate "2023.06.27"]
[SourceQuality "1"]

1. d4 d5 2. c4 e6 3. Nf3 Nf6 4. Bg5 Be7 5. Nc3 c6 6. e3 O-O 7. Qc2 Nbd7 8. Rd1
Re8 9. a3 Nf8 10. Bd3 Ng6 11. O-O dxc4 12. Bxc4 Nd5 13. Bxe7 Qxe7 14. Ne4 e5
15. Nxe5 Bf5 16. Bd3 Nxe5 17. dxe5 Qxe5 18. Nc5 Bxd3 19. Rxd3 b6 1/2-1/2

[Event "Lloyds Bank Masters 15th"]
[Site "London"]
[Date "1991.08.21"]
[Round "5"]
[White "Hodgson, Julian M"]
[Black "Rahman, Ziaur"]
[Result "1-0"]
[WhiteElo "2570"]
[BlackElo "2380"]
[PlyCount "73"]
[EventDate "1991.08.17"]
[EventType "swiss"]
[EventRounds "10"]
[EventCountry "ENG"]
[SourceTitle "BritBase"]
[Source "John Saunders"]
[SourceDate "2023.06.27"]
[SourceVersion "1"]
[SourceVersionDate "2023.06.27"]
[SourceQuality "1"]

1. d4 d5 2. Bg5 h6 3. Bh4 c5 4. dxc5 g5 5. Bg3 Bg7 6. c3 Nf6 7. Nd2 a5 8. e3
O-O 9. h4 g4 10. Ne2 Na6 11. Be5 Nxc5 12. Ng3 Ncd7 13. Bxf6 Nxf6 14. a4 e5 15.
Bb5 Be6 16. Nb3 b6 17. Qc2 Ne4 18. Nxe4 dxe4 19. Nd2 f5 20. Bc4 Bxc4 21. Nxc4
Kh8 22. Rd1 Qc7 23. b3 Rab8 24. Rd5 Qe7 25. g3 Qf7 26. Qd1 f4 27. O-O fxg3 28.
fxg3 Qe7 29. Rxf8+ Rxf8 30. Nd2 Qa3 31. Nxe4 Rf3 32. Rd8+ Bf8 33. Kg2 Rxe3 34.
Qd2 Rxe4 35. Qxh6+ Kg8 36. Qg6+ Kh8 37. Qxe4 1-0

[Event "Lloyds Bank Masters 15th"]
[Site "London"]
[Date "1991.08.21"]
[Round "5"]
[White "Novikov, Igor A"]
[Black "Lev, Ronen"]
[Result "1-0"]
[WhiteElo "2550"]
[BlackElo "2425"]
[PlyCount "99"]
[EventDate "1991.08.17"]
[EventType "swiss"]
[EventRounds "10"]
[EventCountry "ENG"]
[SourceTitle "BritBase"]
[Source "John Saunders"]
[SourceDate "2023.06.27"]
[SourceVersion "1"]
[SourceVersionDate "2023.06.27"]
[SourceQuality "1"]

1. d4 d5 2. c4 dxc4 3. Nf3 c5 4. d5 e6 5. Nc3 exd5 6. Qxd5 Qxd5 7. Nxd5 Bd6 8.
Nd2 Ne7 9. Nxc4 Nxd5 10. Nxd6+ Ke7 11. Nxc8+ Rxc8 12. g3 Nc6 13. Bg2 Rd8 14.
O-O Rd6 15. Bd2 Rad8 16. Rfc1 b6 17. Kf1 a5 18. Be1 f5 19. b3 Nf6 20. a3 Nd4
21. Rab1 Ne4 22. Bxe4 fxe4 23. Rc4 Re6 24. b4 Nb5 25. Ra1 Nd6 26. Rcc1 axb4 27.
axb4 c4 28. b5 Nxb5 29. Rxc4 Rd5 30. e3 Kf6 31. Rb4 Kf5 32. Rab1 Na3 33. Rc1
Rc5 34. Rc3 Rxc3 35. Bxc3 Rc6 36. Bxg7 Rc1+ 37. Kg2 Rb1 38. Ra4 Nc2 39. g4+ Kg6
40. Bh8 Nb4 41. Ra7 Nd3 42. Bd4 Ne1+ 43. Kg3 Nf3 44. Rg7+ Kh6 45. Rd7 Kg6 46.
h4 Rg1+ 47. Kf4 Nxd4 48. Rxd4 Rg2 49. Rd6+ Kg7 50. Rd2 1-0

[Event "Lloyds Bank Masters 15th"]
[Site "London"]
[Date "1991.08.21"]
[Round "5"]
[White "Sadler, Matthew D"]
[Black "Kogan, Artur"]
[Result "1/2-1/2"]
[WhiteElo "2480"]
[BlackElo "2295"]
[PlyCount "134"]
[EventDate "1991.08.17"]
[EventType "swiss"]
[EventRounds "10"]
[EventCountry "ENG"]
[SourceTitle "BritBase"]
[Source "John Saunders"]
[SourceDate "2023.06.27"]
[SourceVersion "1"]
[SourceVersionDate "2023.06.27"]
[SourceQuality "1"]

1. d4 Nf6 2. c4 e6 3. Nc3 Bb4 4. e3 d6 5. Bd3 Nbd7 6. Nge2 c6 7. O-O d5 8. e4
dxe4 9. Nxe4 Nxe4 10. Bxe4 Bd6 11. Bf4 Nf6 12. Bxd6 Qxd6 13. c5 Qc7 14. Nc3 O-O
15. Qf3 Re8 16. Rfe1 Bd7 17. Bc2 Rad8 18. Ne4 Nxe4 19. Rxe4 Bc8 20. Rae1 Qa5
21. Qc3 Qxa2 22. b3 b5 23. cxb6 Qa6 24. bxa7 Qxa7 25. Rh4 g6 26. Qxc6 Qa5 27.
Rhe4 Ba6 28. b4 Qa2 29. Bb1 Qc4 30. d5 Qxc6 31. dxc6 Rd6 32. Re5 Rb8 33. Be4
Rxb4 34. Bf3 Rc4 35. h3 Rc3 36. Ra5 Bd3 37. Rd1 Kg7 38. Ra7 e5 39. Rd7 Rd4 40.
Bd5 Bc4 41. Rxf7+ Kh6 42. Rxd4 exd4 43. Bxc4 Rxc4 44. c7 Rc1+ 45. Kh2 d3 46. f4
d2 47. Rd7 Rxc7 48. Rxd2 Rf7 49. Rd4 Kg7 50. Kg3 h6 51. Kg4 Rf5 52. Rd7+ Kf6
53. g3 Rb5 54. Rh7 h5+ 55. Kh4 Rb4 56. Ra7 Re4 57. Ra6+ Kg7 58. Rb6 Ra4 59. Rd6
Rb4 60. Kg5 Rb5+ 61. Kh4 Rb4 62. Re6 Kf7 63. Re1 Kf6 64. Ra1 Re4 65. g4 hxg4
66. Ra6+ Kg7 67. Kxg4 Re1 1/2-1/2

[Event "Lloyds Bank Masters 15th"]
[Site "London"]
[Date "1991.08.21"]
[Round "5"]
[White "Shirov, Alexei"]
[Black "Leko, Peter"]
[Result "1-0"]
[WhiteElo "2610"]
[BlackElo "2385"]
[PlyCount "73"]
[EventDate "1991.08.17"]
[EventType "swiss"]
[EventRounds "10"]
[EventCountry "ENG"]
[SourceTitle "BritBase"]
[Source "John Saunders"]
[SourceDate "2023.06.27"]
[SourceVersion "1"]
[SourceVersionDate "2023.06.27"]
[SourceQuality "1"]

1. d4 Nf6 2. c4 g6 3. Nc3 d5 4. Bg5 Ne4 5. Bf4 Nxc3 6. bxc3 dxc4 7. e4 c5 8.
Bxc4 Bg7 9. Ne2 Nc6 10. d5 Na5 11. Bd3 O-O 12. Bg5 Qc7 13. O-O e5 14. c4 b6 15.
Bd2 Nb7 16. a4 Bd7 17. a5 Nd6 18. Nc3 f5 19. Re1 f4 20. Qb3 h5 21. Reb1 Rab8
22. axb6 axb6 23. Ra6 b5 24. Nxb5 Bxb5 25. cxb5 c4 26. Qb4 Nxb5 27. Qxc4 Qxc4
28. Bxc4 Nd4 29. Rxb8 Rxb8 30. h4 Kh7 31. Ba5 Rc8 32. d6 Rxc4 33. d7 Ne2+ 34.
Kf1 Rd4 35. d8=Q Rxd8 36. Bxd8 Nd4 37. f3 1-0

[Event "Lloyds Bank Masters 15th"]
[Site "London"]
[Date "1991.08.21"]
[Round "5"]
[White "Vaisser, Anatoly"]
[Black "Crouch, Colin S"]
[Result "1/2-1/2"]
[WhiteElo "2565"]
[BlackElo "2365"]
[PlyCount "131"]
[EventDate "1991.08.17"]
[EventType "swiss"]
[EventRounds "10"]
[EventCountry "ENG"]
[SourceTitle "BritBase"]
[Source "John Saunders"]
[SourceDate "2023.06.27"]
[SourceVersion "1"]
[SourceVersionDate "2023.06.27"]
[SourceQuality "1"]

1. d4 d5 2. c4 e6 3. Nc3 Nf6 4. cxd5 exd5 5. Bg5 Be7 6. e3 Nbd7 7. Bd3 c6 8.
Qc2 Nh5 9. Bxe7 Qxe7 10. Nge2 g6 11. g4 Nhf6 12. h3 Nb6 13. O-O-O Bd7 14. Ng3
O-O-O 15. Kb1 Kb8 16. Na4 Nxa4 17. Qxa4 h5 18. g5 Ne4 19. Bxe4 h4 20. Bf5 hxg3
21. Bxd7 Rxd7 22. Qc2 Re8 23. h4 gxf2 24. Rh3 Qe6 25. Rf3 Qe4 26. Qxe4 Rxe4 27.
Rf1 Rxh4 28. R1xf2 Rh7 29. Kc2 Kc8 30. Kd3 Kd8 31. b4 Ke8 32. a4 Rh5 33. Rg3
Rh1 34. Rgg2 Re7 35. Rh2 Ra1 36. Ra2 Rxa2 37. Rxa2 Kf8 38. b5 Rc7 39. Rc2 Ke7
40. e4 dxe4+ 41. Kxe4 Kd6 42. bxc6 bxc6 43. Rc5 Re7+ 44. Kd3 Kc7 45. Rc1 Rd7
46. Ke4 Rd5 47. Rf1 Rxg5 48. Rxf7+ Kb6 49. Rf6 Rg1 50. d5 Re1+ 51. Kd4 Rd1+ 52.
Kc3 Rxd5 53. Rxg6 Rh5 54. Rg3 Rh4 55. Kb3 Kc5 56. Rg5+ Kd4 57. Kb4 Re4 58. Rc5
Re6 59. Rc1 Kd5 60. Rd1+ Ke5 61. Rd7 Rd6 62. Rxa7 Rd5 63. a5 Rb5+ 64. Ka4 Kd6
65. a6 Rb1 66. Ra8 1/2-1/2

[Event "Lloyds Bank Masters 15th"]
[Site "London"]
[Date "1991.08.21"]
[Round "5"]
[White "Webster, Andrew A"]
[Black "Arkell, Keith C"]
[Result "0-1"]
[WhiteElo "2340"]
[BlackElo "2455"]
[PlyCount "36"]
[EventDate "1991.08.17"]
[EventType "swiss"]
[EventRounds "10"]
[EventCountry "ENG"]
[SourceTitle "BritBase"]
[Source "John Saunders"]
[SourceDate "2023.06.27"]
[SourceVersion "1"]
[SourceVersionDate "2023.06.27"]
[SourceQuality "1"]

1. d4 Nf6 2. Nf3 e6 3. Bg5 c5 4. e3 cxd4 5. exd4 b6 6. c4 Be7 7. Nc3 Bb7 8. a3
O-O 9. b4 a5 10. Rb1 axb4 11. axb4 Bxf3 12. gxf3 Nc6 13. c5 bxc5 14. dxc5 Qb8
15. Qd2 Qe5+ 16. Be2 Ra3 17. Nb5 Rxf3 18. Be3 Ne4 0-1

[Event "Lloyds Bank Masters 15th"]
[Site "London"]
[Date "1991.08.21"]
[Round "5"]
[White "Stebbings, Anthony J"]
[Black "Corkett, Anthony R"]
[Result "1-0"]
[WhiteElo "2215"]
[BlackElo "2325"]
[PlyCount "67"]
[EventDate "1991.08.17"]
[EventType "swiss"]
[EventRounds "10"]
[EventCountry "ENG"]
[SourceTitle "BritBase"]
[Source "John Saunders"]
[SourceDate "2023.06.27"]
[SourceVersion "1"]
[SourceVersionDate "2023.06.27"]
[SourceQuality "1"]

1. d4 Nf6 2. c4 g6 3. Nc3 Bg7 4. e4 d6 5. f3 O-O 6. Be3 Nc6 7. Qd2 a6 8. Nge2
Rb8 9. h4 h5 10. O-O-O b5 11. Bh6 bxc4 12. g4 Nb4 13. Ng3 c5 14. gxh5 cxd4 15.
Bxg7 Kxg7 16. Qxd4 Qa5 17. Bxc4 Nc6 18. Qe3 Qb4 19. Bb3 Na5 20. hxg6 Nxb3+ 21.
axb3 Qxb3 22. Rd2 fxg6 23. h5 Rh8 24. Qg5 Rh6 25. Rdh2 Rb7 26. hxg6 Rxg6 27.
Nh5+ Kf7 28. Qd2 Be6 29. Nxf6 Rxf6 30. e5 Rxf3 31. exd6 Rxc3+ 32. Qxc3 Qxc3+
33. bxc3 Bf5 34. Rh7+ 1-0

[Event "Lloyds Bank Masters 15th"]
[Site "London"]
[Date "1991.08.21"]
[Round "5"]
[White "Timoscenko, Gennadij A"]
[Black "Chandler, Murray G"]
[Result "1/2-1/2"]
[WhiteElo "2505"]
[BlackElo "2605"]
[PlyCount "50"]
[EventDate "1991.08.17"]
[EventType "swiss"]
[EventRounds "10"]
[EventCountry "ENG"]
[SourceTitle "BritBase"]
[Source "John Saunders"]
[SourceDate "2023.06.27"]
[SourceVersion "1"]
[SourceVersionDate "2023.06.27"]
[SourceQuality "1"]

1. d4 Nf6 2. c4 e6 3. Nc3 Bb4 4. Qc2 O-O 5. Nf3 c5 6. dxc5 Na6 7. Bd2 Nxc5 8.
e3 b6 9. Be2 Bb7 10. O-O Rc8 11. Nb5 Bxd2 12. Nxd2 a6 13. Nd6 Rc6 14. Nxb7 Nxb7
15. b4 a5 16. a3 d5 17. Qb2 dxc4 18. Nxc4 Qc7 19. bxa5 Nxa5 20. Nxa5 Rc2 21.
Rfc1 Rxb2 22. Rxc7 Rxe2 23. Nc6 g5 24. Nd4 Rb2 25. Rac1 Nd5 1/2-1/2

[Event "Lloyds Bank Masters 15th"]
[Site "London"]
[Date "1991.08.22"]
[Round "6"]
[White "Canfell, Gregory"]
[Black "Sadler, Matthew D"]
[Result "0-1"]
[WhiteElo "2355"]
[BlackElo "2480"]
[PlyCount "102"]
[EventDate "1991.08.17"]
[EventType "swiss"]
[EventRounds "10"]
[EventCountry "ENG"]
[SourceTitle "BritBase"]
[Source "John Saunders"]
[SourceDate "2023.06.27"]
[SourceVersion "1"]
[SourceVersionDate "2023.06.27"]
[SourceQuality "1"]

1. e4 c5 2. Nf3 d6 3. d4 cxd4 4. Nxd4 Nf6 5. Nc3 a6 6. Be3 e5 7. Nb3 Be6 8. f4
exf4 9. Bxf4 Nc6 10. Nd4 Ne5 11. Nxe6 fxe6 12. Qd4 Qc7 13. Qa4+ Kf7 14. O-O-O
Be7 15. Bxe5 dxe5 16. Be2 Bc5 17. Rhf1 Ke7 18. Rf3 Rad8 19. Bd3 Rd4 20. Qb3 Rb4
21. Qa3 Rxe4 22. Qxc5+ Qxc5 23. Nxe4 Qc6 24. Re1 Rd8 25. Nc3 e4 26. Bxe4 Qd6
27. Rfe3 Qd2+ 28. Kb1 Nxe4 29. Rxe4 Qxg2 30. Rxe6+ Kf8 31. R6e2 Qg4 32. a3 h5
33. Re4 Qh3 34. R1e2 Kg8 35. R4e3 Qf1+ 36. Re1 Qf4 37. h3 Rd2 38. Re8+ Kh7 39.
Ne4 Rg2 40. Rd1 Qf3 41. Rh1 Rg6 42. Re1 Qxh3 43. Re5 Qg4 44. Rf1 Rb6 45. Ka2 h4
46. Rff5 Kh6 47. Rf8 Re6 48. Ng5 Qc4+ 49. Kb1 Rxe5 50. Nf7+ Qxf7 51. Rxf7 h3
0-1

[Event "Lloyds Bank Masters 15th"]
[Site "London"]
[Date "1991.08.22"]
[Round "6"]
[White "Crouch, Colin S"]
[Black "Murshed, Niaz"]
[Result "1/2-1/2"]
[WhiteElo "2365"]
[BlackElo "2510"]
[PlyCount "60"]
[EventDate "1991.08.17"]
[EventType "swiss"]
[EventRounds "10"]
[EventCountry "ENG"]
[SourceTitle "BritBase"]
[Source "John Saunders"]
[SourceDate "2023.06.27"]
[SourceVersion "1"]
[SourceVersionDate "2023.06.27"]
[SourceQuality "1"]

1. d4 d5 2. c4 dxc4 3. Nf3 Nf6 4. Qa4+ c6 5. Qxc4 Bf5 6. Nc3 e6 7. g3 Nbd7 8.
Bg2 Be7 9. O-O Ne4 10. Qb3 Nb6 11. a4 Nxc3 12. bxc3 Qd5 13. Nd2 Qxb3 14. Nxb3
Bc2 15. a5 Nd5 16. Nc5 Bxc5 17. dxc5 O-O-O 18. Bb2 Nc7 19. c4 f6 20. Rfc1 Bg6
21. Rd1 Rxd1+ 22. Rxd1 Bc2 23. Rc1 Bb3 24. Be4 Rd8 25. Bd3 Na6 26. Ba3 g6 27.
Rb1 Ba4 28. f3 e5 29. Kf2 f5 30. Ke3 Nc7 1/2-1/2

[Event "Lloyds Bank Masters 15th"]
[Site "London"]
[Date "1991.08.22"]
[Round "6"]
[White "Ernst, Thomas"]
[Black "Novikov, Igor A"]
[Result "1/2-1/2"]
[WhiteElo "2525"]
[BlackElo "2550"]
[PlyCount "60"]
[EventDate "1991.08.17"]
[EventType "swiss"]
[EventRounds "10"]
[EventCountry "ENG"]
[SourceTitle "BritBase"]
[Source "John Saunders"]
[SourceDate "2023.06.27"]
[SourceVersion "1"]
[SourceVersionDate "2023.06.27"]
[SourceQuality "1"]

1. e4 c5 2. Nf3 d6 3. d4 cxd4 4. Nxd4 Nf6 5. Nc3 a6 6. Be3 e6 7. Qd2 b5 8. f3
Nbd7 9. g4 Nb6 10. O-O-O Bb7 11. g5 Nfd7 12. Qg2 b4 13. Nb1 Ne5 14. Nd2 Qc7 15.
Kb1 g6 16. h4 h5 17. gxh6 Bxh6 18. Bxh6 Rxh6 19. h5 O-O-O 20. hxg6 Rxh1 21.
Qxh1 Nxg6 22. Qg1 Ne5 23. Qf2 Kb8 24. Rc1 Rc8 25. Qe1 Na4 26. N2b3 Qb6 27. Rd1
Nc5 28. Be2 Nxb3 29. axb3 Ka7 30. Qd2 Qc5 1/2-1/2

[Event "Lloyds Bank Masters 15th"]
[Site "London"]
[Date "1991.08.22"]
[Round "6"]
[White "Hebden, Mark L"]
[Black "Hodgson, Julian M"]
[Result "1/2-1/2"]
[WhiteElo "2485"]
[BlackElo "2570"]
[PlyCount "88"]
[EventDate "1991.08.17"]
[EventType "swiss"]
[EventRounds "10"]
[EventCountry "ENG"]
[SourceTitle "BritBase"]
[Source "John Saunders"]
[SourceDate "2023.06.27"]
[SourceVersion "1"]
[SourceVersionDate "2023.06.27"]
[SourceQuality "1"]

1. e4 d5 2. exd5 Nf6 3. d4 Nxd5 4. Nf3 g6 5. Be2 Bg7 6. O-O O-O 7. Re1 c6 8.
Na3 Qc7 9. c3 Nd7 10. Nc4 c5 11. Bf1 cxd4 12. Nxd4 N7f6 13. Ne5 Rd8 14. Qf3 a6
15. g4 e6 16. Bg5 b5 17. Bg2 Bb7 18. a4 Rab8 19. axb5 axb5 20. Nxb5 Qc5 21. c4
h6 22. Be3 Nxe3 23. Qxe3 Qxe3 24. Rxe3 Bxg2 25. Kxg2 Nd5 26. cxd5 Bxe5 27. Na7
Bd4 28. Rf3 Rxd5 29. Nc6 Rb7 30. Ra8+ Kg7 31. b4 Bf6 32. Rfa3 Rd6 33. R3a6 Rd2
34. Ra2 Rd3 35. Rc2 Rb5 36. Ra7 h5 37. h3 hxg4 38. hxg4 Rg5 39. Rc4 Rd2 40. Ra5
Rxa5 41. bxa5 Bh4 42. Ra4 Bxf2 43. a6 g5 44. Kf3 f5 1/2-1/2

[Event "Lloyds Bank Masters 15th"]
[Site "London"]
[Date "1991.08.22"]
[Round "6"]
[White "Kengis, Edvins"]
[Black "Morris, Philip J"]
[Result "1-0"]
[WhiteElo "2575"]
[BlackElo "2385"]
[PlyCount "81"]
[EventDate "1991.08.17"]
[EventType "swiss"]
[EventRounds "10"]
[EventCountry "ENG"]
[SourceTitle "BritBase"]
[Source "John Saunders"]
[SourceDate "2023.06.27"]
[SourceVersion "1"]
[SourceVersionDate "2023.06.27"]
[SourceQuality "1"]

1. e4 e5 2. Nf3 Nc6 3. Bb5 a6 4. Ba4 Nf6 5. O-O Nxe4 6. Re1 Nc5 7. Nc3 Be7 8.
Nd5 O-O 9. Bxc6 dxc6 10. Nxe7+ Qxe7 11. d4 Ne6 12. Rxe5 f6 13. Re1 Bd7 14. c4
Rad8 15. Qb3 Qf7 16. Be3 Rfe8 17. Red1 Bc8 18. Rac1 Nf8 19. Bf4 Ng6 20. Bg3 b6
21. Qa4 Bb7 22. Qc2 Rd7 23. Re1 Rde7 24. Rxe7 Rxe7 25. h4 Nf8 26. b4 c5 27. d5
cxb4 28. Qd2 a5 29. Nd4 Rd7 30. Qf4 Ba6 31. Nf5 Ng6 32. Qg4 Kh8 33. Re1 h6 34.
h5 Ne5 35. Bxe5 fxe5 36. Rxe5 b5 37. Qe4 Rd8 38. Nxh6 gxh6 39. Re7 Rf8 40. Rxf7
Rxf7 41. Qe6 1-0

[Event "Lloyds Bank Masters 15th"]
[Site "London"]
[Date "1991.08.22"]
[Round "6"]
[White "Leko, Peter"]
[Black "Hassabis, Demis"]
[Result "1/2-1/2"]
[WhiteElo "2385"]
[BlackElo "2285"]
[PlyCount "56"]
[EventDate "1991.08.17"]
[EventType "swiss"]
[EventRounds "10"]
[EventCountry "ENG"]
[SourceTitle "BritBase"]
[Source "John Saunders"]
[SourceDate "2023.06.27"]
[SourceVersion "1"]
[SourceVersionDate "2023.06.27"]
[SourceQuality "1"]

1. e4 c5 2. Nf3 Nc6 3. d4 cxd4 4. Nxd4 e5 5. Nb5 d6 6. c4 Be7 7. N1c3 a6 8. Na3
Be6 9. Be2 Bg5 10. Bxg5 Qxg5 11. O-O Rd8 12. Nc2 Nge7 13. Nd5 O-O 14. b4 Ng6
15. Qc1 Nf4 16. Nxf4 exf4 17. g3 f5 18. b5 Ne5 19. Nd4 Qg6 20. Nxe6 Qxe6 21.
Qxf4 Nxc4 22. bxa6 bxa6 23. Rac1 fxe4 24. Bxc4 d5 25. Bxd5 Qxd5 26. Qe3 Qd3 27.
Rc3 Qxe3 28. Rxe3 Rd2 1/2-1/2

[Event "Lloyds Bank Masters 15th"]
[Site "London"]
[Date "1991.08.22"]
[Round "6"]
[White "Lev, Ronen"]
[Black "Petrosian, Arshak B"]
[Result "1/2-1/2"]
[WhiteElo "2425"]
[BlackElo "2505"]
[PlyCount "22"]
[EventDate "1991.08.17"]
[EventType "swiss"]
[EventRounds "10"]
[EventCountry "ENG"]
[SourceTitle "BritBase"]
[Source "John Saunders"]
[SourceDate "2023.06.27"]
[SourceVersion "1"]
[SourceVersionDate "2023.06.27"]
[SourceQuality "1"]

1. d4 Nf6 2. c4 e6 3. Nf3 Bb4+ 4. Nbd2 O-O 5. a3 Bxd2+ 6. Bxd2 Ne4 7. Qc2 Nxd2
8. Qxd2 d6 9. e3 Qe7 10. Qc3 Re8 11. Be2 e5 1/2-1/2

[Event "Lloyds Bank Masters 15th"]
[Site "London"]
[Date "1991.08.22"]
[Round "6"]
[White "Minasian, Artashes"]
[Black "Gabriel, Christian"]
[Result "1/2-1/2"]
[WhiteElo "2510"]
[BlackElo "2315"]
[PlyCount "70"]
[EventDate "1991.08.17"]
[EventType "swiss"]
[EventRounds "10"]
[EventCountry "ENG"]
[SourceTitle "BritBase"]
[Source "John Saunders"]
[SourceDate "2023.06.27"]
[SourceVersion "1"]
[SourceVersionDate "2023.06.27"]
[SourceQuality "1"]

1. b3 d5 2. Bb2 Bf5 3. Nf3 e6 4. g3 h6 5. Bg2 Nf6 6. O-O Be7 7. c4 O-O 8. d3 c5
9. Nbd2 Nc6 10. Ne5 Nxe5 11. Bxe5 Bh7 12. Rc1 Rc8 13. Re1 Qd7 14. e4 Rfd8 15.
Rc2 b5 16. Qe2 bxc4 17. bxc4 dxc4 18. dxc4 Qd3 19. Nb3 Qxe2 20. Rcxe2 Nd7 21.
Bb2 Nb6 22. Na5 Rd3 23. h3 Bd8 24. e5 Rd7 25. Bc6 Rd3 26. Bg2 h5 27. h4 Kf8 28.
Bc1 Rc3 29. Bb2 Rxc4 30. Nxc4 Nxc4 31. Rd1 Nxb2 32. Rxb2 c4 33. Bb7 Rb8 34. Bc6
Bb6 35. Rc1 Rc8 1/2-1/2